[Event "CYCC U12"]
[Site "Vancouver CAN"]
[Date "2012.07.03"]
[Round "2"]
[White "Brewster, Paula"]
[Black "Wang, Edward"]
[Result "1-0"]
[WhiteElo "1341"]
[BlackElo "1105"]
[PlyCount "95"]
[GameId "2160767909508679"]
[EventDate "2012.07.03"]
[EventType "swiss"]
[EventRounds "7"]
[EventCountry "CAN"]
[SourceTitle "EXT 2022"]
[Source "ChessBase"]
[SourceDate "2021.10.06"]
[SourceVersion "1"]
[SourceVersionDate "2021.10.06"]
[SourceQuality "1"]

1. d4 c6 2. Nf3 d5 3. e3 Bf5 4. b3 Nf6 5. Bb2 Nbd7 6. Nbd2 e6 7. Be2 Bb4 8. a3 Ba5 9. b4 Bc7 10. O-O O-O 11. c4 dxc4 12. Nxc4 b5 13. Nce5 Nxe5 14. Nxe5 Be4 15. f3 Bg6 16. Nxc6 Qe8 17. Bxb5 a6 18. Ba4 Nd5 19. Ne5 Nxe3 20. Bxe8 Nxd1 21. Rfxd1 Rfxe8 22. Rac1 Bb6 23. Nd7 Ba7 24. Rc7 Rec8 25. Rdc1 Rxc7 26. Rxc7 h6 27. Nc5 Bb8 28. Rc6 Bf4 29. g3 Be3+ 30. Kg2 a5 31. b5 Rb8 32. b6 e5 33. b7 Bf5 34. g4 Bd7 35. Rc7 exd4 36. Nxd7 Bf4 37. Rc8+ Kh7 38. Nxb8 d3 39. Bc3 Be5 40. Bxe5 d2 41. Rd8 f6 42. Bc3 h5 43. Na6 hxg4 44. fxg4 f5 45. b8=Q d1=Q 46. Rxd1 fxg4 47. Qf8 a4 48. Qxg7# 1-0

[Event "CYCC U12"]
[Site "Vancouver CAN"]
[Date "2012.07.03"]
[Round "2"]
[White "Cao, Jason"]
[Black "Ju, Terrence"]
[Result "1-0"]
[WhiteElo "2031"]
[BlackElo "1268"]
[PlyCount "49"]
[GameId "2160767909508680"]
[EventDate "2012.07.03"]
[EventType "swiss"]
[EventRounds "7"]
[EventCountry "CAN"]
[SourceTitle "hb 2012"]

1. e4 c5 2. Nf3 d6 3. d4 cxd4 4. Nxd4 Nf6 5. Nc3 g6 6. Be3 Bg7 7. f3 O-O 8. Qd2 Nc6 9. Bc4 Bd7 10. Bb3 Na5 11. h4 Nxb3 12. axb3 h5 13. Bh6 Qb6 14. Bxg7 Kxg7 15. O-O-O a5 16. Qg5 a4 17. bxa4 Bxa4 18. Nf5+ Kg8 19. Nxe7+ Kg7 20. Nf5+ Kg8 21. Qxf6 gxf5 22. Nd5 Qc5 23. Qg5+ Kh8 24. Qh6+ Kg8 25. Nf6# 1-0

[Event "CYCC U12"]
[Site "Vancouver CAN"]
[Date "2012.07.03"]
[Round "2"]
[White "Dawson, Jeffrey"]
[Black "Chen, Richard"]
[Result "0-1"]
[WhiteElo "1224"]
[BlackElo "1880"]
[PlyCount "80"]
[GameId "2160767909508681"]
[EventDate "2012.07.03"]
[EventType "swiss"]
[EventRounds "7"]
[EventCountry "CAN"]
[SourceTitle "hb 2012"]

1. c4 Nf6 2. Nc3 g6 3. g3 Bg7 4. Bg2 d6 5. e3 O-O 6. Nge2 Nc6 7. O-O e5 8. d4 Re8 9. a3 exd4 10. exd4 a5 11. Re1 Bf5 12. Be3 Ng4 13. d5 Nxe3 14. fxe3 Ne5 15. e4 Bg4 16. Rf1 Nxc4 17. Qa4 Bxe2 18. Nxe2 Ne3 19. Rfb1 Nxg2 20. Kxg2 f5 21. Nc3 Bxc3 22. bxc3 Rxe4 23. Qc2 Qe7 24. Kf1 b6 25. Re1 Re8 26. Rxe4 Qxe4 27. Qxe4 Rxe4 28. Re1 Rxe1+ 29. Kxe1 Kf7 30. Ke2 Kf6 31. Ke3 Ke5 32. c4 g5 33. a4 h5 34. h3 g4 35. hxg4 hxg4 36. Kd3 f4 37. gxf4+ Kxf4 38. Ke2 g3 39. Kf1 Kf3 40. Kg1 g2 0-1

[Event "CYCC U12"]
[Site "Vancouver CAN"]
[Date "2012.07.03"]
[Round "2"]
[White "Han, Lionel"]
[Black "Knox, Nathaniel"]
[Result "1-0"]
[WhiteElo "1521"]
[BlackElo "1177"]
[PlyCount "85"]
[GameId "2160767909508682"]
[EventDate "2012.07.03"]
[EventType "swiss"]
[EventRounds "7"]
[EventCountry "CAN"]
[SourceTitle "hb 2012"]

1. e4 e5 2. Nf3 Nf6 3. Nc3 Nc6 4. Bc4 Bc5 5. d3 h6 6. O-O O-O 7. h3 d6 8. Be3 Bb6 9. d4 exd4 10. Bxd4 Be6 11. Bb3 Re8 12. Re1 Bxb3 13. axb3 Ba5 14. Qd3 Bxc3 15. Bxc3 Ne5 16. Nxe5 dxe5 17. Qxd8 Raxd8 18. Rxa7 Rb8 19. f3 Re6 20. Rd1 Rd6 21. Rda1 Nd7 22. Ra8 f6 23. Rxb8+ Nxb8 24. Ra8 Rd8 25. Ra7 b5 26. Rxc7 Na6 27. Rb7 Rb8 28. Rxb8+ Nxb8 29. Kf2 Kf7 30. Bb4 Na6 31. Ba5 Ke6 32. Ke3 Kd6 33. b4 f5 34. b3 f4+ 35. Kd3 g5 36. c4 Kc6 37. Kc3 Nc7 38. Bxc7 Kxc7 39. cxb5 Kb6 40. Kc4 h5 41. Kd5 Kxb5 42. Kxe5 Kxb4 43. Kf5 1-0

[Event "CYCC U12"]
[Site "Vancouver CAN"]
[Date "2012.07.03"]
[Round "2"]
[White "Hastings, Luke"]
[Black "Tjia-Gan, Nicholas"]
[Result "1-0"]
[WhiteElo "896"]
[BlackElo "870"]
[PlyCount "83"]
[GameId "2160767909508683"]
[EventDate "2012.07.03"]
[EventType "swiss"]
[EventRounds "7"]
[EventCountry "CAN"]
[SourceTitle "EXT 2022"]
[Source "ChessBase"]
[SourceDate "2021.10.06"]
[SourceVersion "1"]
[SourceVersionDate "2021.10.06"]
[SourceQuality "1"]

1. e4 Nf6 2. Nc3 d5 3. d3 e6 4. Bg5 Bb4 5. Nge2 d4 6. g3 Bxc3+ 7. bxc3 dxc3 8. Nxc3 O-O 9. Bg2 Ne8 10. Bxd8 Nc6 11. Bxc7 Nxc7 12. O-O Nd4 13. e5 Nc6 14. Be4 f5 15. Bxc6 bxc6 16. f4 Nd5 17. Nxd5 exd5 18. Qe2 h6 19. Rfe1 Be6 20. h4 Rab8 21. c4 dxc4 22. dxc4 Rb4 23. Rac1 Rfb8 24. c5 Ra4 25. Rcd1 Rxa2 26. Qf3 Bd5 27. Rxd5 cxd5 28. Qxd5+ Kf8 29. Qxa2 g5 30. hxg5 hxg5 31. fxg5 Ra8 32. Qf2 a5 33. Qxf5+ Kg7 34. Qf6+ Kg8 35. e6 Re8 36. Qf7+ Kh8 37. Qxe8+ Kh7 38. g6+ Kg7 39. Rf1 Kh6 40. Rf5 Kg7 41. Qf7+ Kh6 42. Qh7# 1-0

[Event "CYCC U12"]
[Site "Vancouver CAN"]
[Date "2012.07.03"]
[Round "2"]
[White "Jayaweera, Lahiru"]
[Black "Cheung, Lukas"]
[Result "1/2-1/2"]
[WhiteElo "1125"]
[BlackElo "1429"]
[PlyCount "125"]
[GameId "2160767909508684"]
[EventDate "2012.07.03"]
[EventType "swiss"]
[EventRounds "7"]
[EventCountry "CAN"]
[SourceTitle "EXT 2022"]
[Source "ChessBase"]
[SourceDate "2021.10.06"]
[SourceVersion "1"]
[SourceVersionDate "2021.10.06"]
[SourceQuality "1"]

1. d4 d5 2. c4 c6 3. Nf3 Nf6 4. Nc3 e6 5. Bf4 Bb4 6. e3 Ne4 7. Rc1 Qa5 8. Qc2 Nd7 9. Bd3 Ndf6 10. O-O Bxc3 11. bxc3 O-O 12. cxd5 exd5 13. Be5 Be6 14. Bxf6 Nxf6 15. Ng5 h6 16. Nxe6 fxe6 17. Rb1 Qc7 18. h3 Rae8 19. Bg6 Re7 20. Rfc1 e5 21. Bd3 e4 22. Be2 Ref7 23. Rf1 Ne8 24. Bg4 Kh8 25. c4 Nd6 26. cxd5 cxd5 27. Qxc7 Rxc7 28. Be6 Nc4 29. Rfc1 Rd8 30. Bg4 b6 31. Be2 Rdc8 32. Bg4 Rd8 33. Rb3 g6 34. Rbc3 h5 35. Be2 Rdc8 36. f3 b5 37. fxe4 dxe4 38. a4 a6 39. axb5 axb5 40. Rb1 Nd6 41. Rcb3 Rc1+ 42. Rxc1 Rxc1+ 43. Kh2 Nc4 44. Rxb5 Nxe3 45. Re5 Rc2 46. Bd3 Ng4+ 47. hxg4 exd3 48. Re3 Rc3 49. Re1 d2 50. Rd1 Rd3 51. gxh5 gxh5 52. d5 Rxd5 53. Kg3 Kg7 54. Kf2 Kg6 55. Ke2 Kg5 56. Rxd2 Rxd2+ 57. Kxd2 Kg4 58. Ke2 Kg3 59. Kf1 Kh2 60. Kf2 h4 61. Kf3 Kg1 62. Kg4 Kxg2 63. Kxh4 1/2-1/2

[Event "CYCC U12"]
[Site "Vancouver CAN"]
[Date "2012.07.03"]
[Round "2"]
[White "Lee, Stefano"]
[Black "D'Amore, Tyler"]
[Result "1-0"]
[WhiteElo "986"]
[BlackElo "822"]
[PlyCount "85"]
[GameId "2160767909508685"]
[EventDate "2012.07.03"]
[EventType "swiss"]
[EventRounds "7"]
[EventCountry "CAN"]
[SourceTitle "hb 2012"]

1. e4 e6 2. d4 Qh4 3. Nc3 Nh6 4. g3 Qf6 5. e5 Qe7 6. Nf3 f6 7. Bc4 d5 8. exd6 Qxd6 9. Nb5 Qd8 10. Bxh6 gxh6 11. Qd2 c6 12. Nc3 Qe7 13. O-O-O Na6 14. d5 Bd7 15. h4 O-O-O 16. Rhe1 Nb4 17. dxe6 Be8 18. Qe3 Rxd1+ 19. Rxd1 a6 20. g4 b5 21. Bb3 Rg8 22. a3 Nd5 23. Nxd5 cxd5 24. Rxd5 Rxg4 25. Qc5+ Bc6 26. Qxc6+ Qc7 27. Qe8+ Kb7 28. Rd7 Rg7 29. Rxc7+ Rxc7 30. Qxf8 a5 31. e7 Rc8 32. e8=Q Rxe8 33. Qxe8 Kb6 34. Qe6+ Kc5 35. Qxf6 a4 36. Ba2 b4 37. axb4+ Kxb4 38. Qf4+ Ka5 39. Qc4 a3 40. Nd4 axb2+ 41. Kxb2 Kb6 42. Qb5+ Kc7 43. Qc6+ 1-0

[Event "CYCC U12"]
[Site "Vancouver CAN"]
[Date "2012.07.03"]
[Round "2"]
[White "Lin, Alex"]
[Black "Gedajlovic, Max"]
[Result "0-1"]
[WhiteElo "1204"]
[BlackElo "1817"]
[PlyCount "76"]
[GameId "2160767909508686"]
[EventDate "2012.07.03"]
[EventType "swiss"]
[EventRounds "7"]
[EventCountry "CAN"]
[SourceTitle "EXT 2022"]
[Source "ChessBase"]
[SourceDate "2021.10.06"]
[SourceVersion "1"]
[SourceVersionDate "2021.10.06"]
[SourceQuality "1"]

1. e4 c5 2. c3 e6 3. d4 d5 4. exd5 exd5 5. Nf3 Nf6 6. Be2 Be7 7. O-O O-O 8. Be3 cxd4 9. Nxd4 Nc6 10. Nd2 Ne5 11. h3 Bd7 12. Bf4 Ng6 13. Bg3 Ne4 14. N2f3 Nxg3 15. fxg3 Qc7 16. Qe1 Bd6 17. Kh2 h5 18. Bd3 h4 19. Ne2 Rae8 20. Qf2 hxg3+ 21. Nxg3 Nf4 22. Rad1 Nh5 23. Kg1 Bxg3 24. Qd4 Nf4 25. c4 Bf5 26. cxd5 Bxd3 27. Kh1 Bxf1 28. Rxf1 Qe7 29. d6 Qe2 30. Qg1 Nd3 31. d7 Re7 32. Nd4 Nf2+ 33. Rxf2 Qxf2 34. Qxf2 Bxf2 35. d8=Q Rxd8 36. Nf3 Bg3 37. Kg1 Rd1+ 38. Ne1 Rexe1# 0-1

[Event "CYCC U12"]
[Site "Vancouver CAN"]
[Date "2012.07.03"]
[Round "2"]
[White "Liu, Danny"]
[Black "Li, Kevin1"]
[Result "1-0"]
[WhiteElo "1005"]
[BlackElo "725"]
[PlyCount "65"]
[GameId "2160767909508687"]
[EventDate "2012.07.03"]
[EventType "swiss"]
[EventRounds "7"]
[EventCountry "CAN"]
[SourceTitle "EXT 2022"]
[Source "ChessBase"]
[SourceDate "2021.10.06"]
[SourceVersion "1"]
[SourceVersionDate "2021.10.06"]
[SourceQuality "1"]

1. e4 e6 2. d4 d5 3. Nc3 c5 4. Nf3 Nf6 5. e5 Nfd7 6. Be2 f5 7. exf6 gxf6 8. O-O Nc6 9. Bf4 Qb6 10. a3 e5 11. dxe5 fxe5 12. Bg3 Qxb2 13. Na4 Qxa1 14. Qxa1 Rg8 15. Nxe5 Ncxe5 16. Bxe5 b6 17. Bf3 Bb7 18. Re1 O-O-O 19. Qd1 d4 20. c3 Nxe5 21. Bxb7+ Kxb7 22. Rxe5 Kc7 23. g3 dxc3 24. Qb3 Rd6 25. Re2 h5 26. Nxc3 h4 27. Nb5+ Kb8 28. Nxd6 Bxd6 29. Qxg8+ Kb7 30. Re7+ Ka6 31. Qc8+ Ka5 32. Rxa7+ Kb5 33. Qe8+ 1-0

[Event "CYCC U12"]
[Site "Vancouver CAN"]
[Date "2012.07.03"]
[Round "2"]
[White "Olechko, Nikita"]
[Black "Ge, Alex"]
[Result "1-0"]
[WhiteElo "566"]
[BlackElo "921"]
[PlyCount "119"]
[GameId "2160767909508688"]
[EventDate "2012.07.03"]
[EventType "swiss"]
[EventRounds "7"]
[EventCountry "CAN"]
[SourceTitle "hb 2012"]

1. e4 d5 2. exd5 e6 3. dxe6 Bxe6 4. d4 c5 5. Nf3 Nc6 6. Bb5 Rc8 7. O-O a6 8. Bxc6+ Rxc6 9. Re1 Nf6 10. c4 cxd4 11. Nxd4 Rd6 12. Be3 Be7 13. Re2 O-O 14. Rd2 Ne4 15. Nxe6 fxe6 16. Rxd6 Bxd6 17. Nd2 Nxd2 18. Qxd2 Qc7 19. Rd1 Rd8 20. Bf4 Qxc4 21. Bxd6 e5 22. Qd5+ Qxd5 23. Rxd5 Kf7 24. Rd2 a5 25. f4 e4 26. f5 e3 27. Rd4 e2 28. Kf2 Re8 29. Ke1 Kf6 30. Bc7 Kxf5 31. Rd2 a4 32. Rxe2 Rxe2+ 33. Kxe2 Ke4 34. b3 axb3 35. axb3 b5 36. h4 Kf5 37. g3 Ke4 38. Kd2 Kd4 39. Bf4 g6 40. Bg5 h5 41. Bh6 Kc5 42. Kc3 Kb6 43. Kb4 Kc6 44. Be3 Kd6 45. Kxb5 Kd5 46. Ka5 Ke4 47. b4 Kxe3 48. b5 Kf3 49. b6 Kxg3 50. b7 Kxh4 51. b8=Q g5 52. Qh2+ Kg4 53. Qg2+ Kh4 54. Kb5 g4 55. Kc4 Kg5 56. Kd3 h4 57. Ke3 h3 58. Qg3 Kf5 59. Qf4+ Ke6 60. Qxg4+ 1-0

[Event "CYCC U12"]
[Site "Vancouver CAN"]
[Date "2012.07.03"]
[Round "2"]
[White "Rapin, Calvin"]
[Black "Chen, Daniel1"]
[Result "0-1"]
[WhiteElo "847"]
[BlackElo "1055"]
[PlyCount "54"]
[GameId "2160767909508689"]
[EventDate "2012.07.03"]
[EventType "swiss"]
[EventRounds "7"]
[EventCountry "CAN"]
[SourceTitle "EXT 2022"]
[Source "ChessBase"]
[SourceDate "2021.10.06"]
[SourceVersion "1"]
[SourceVersionDate "2021.10.06"]
[SourceQuality "1"]

1. e4 e5 2. Nf3 Nc6 3. g3 Nf6 4. Nc3 Bc5 5. Bg2 O-O 6. O-O d6 7. d3 h6 8. b3 Bg4 9. Nd5 Nxd5 10. exd5 Ne7 11. Bb2 Bb6 12. Qd2 f5 13. h3 Bxf3 14. Bxf3 f4 15. gxf4 Rxf4 16. Be4 Ng6 17. d4 Rxe4 18. dxe5 Nxe5 19. Rae1 Rxe1 20. Qxe1 Nf3+ 21. Kg2 Nxe1+ 22. Rxe1 Qg5+ 23. Kf3 Rf8+ 24. Ke2 Re8+ 25. Kd1 Qxd5+ 26. Bd4 Qxd4+ 27. Kc1 Rxe1# 0-1

[Event "CYCC U12"]
[Site "Vancouver CAN"]
[Date "2012.07.03"]
[Round "2"]
[White "Shi, Jasper"]
[Black "Katz, Matthew"]
[Result "1-0"]
[WhiteElo "1088"]
[BlackElo "660"]
[PlyCount "123"]
[GameId "2160767909508690"]
[EventDate "2012.07.03"]
[EventType "swiss"]
[EventRounds "7"]
[EventCountry "CAN"]
[SourceTitle "hb 2012"]

1. e4 e5 2. Nf3 Nc6 3. Bc4 Nf6 4. d3 Bc5 5. c3 d6 6. Nbd2 O-O 7. O-O Qe7 8. Bb3 Be6 9. Bc2 d5 10. exd5 Nxd5 11. Nxe5 Nxe5 12. d4 Bxd4 13. cxd4 Ng4 14. Nf3 Rad8 15. h3 Ngf6 16. Bg5 h6 17. Bh4 Qb4 18. Bb3 c6 19. Qc1 Rd6 20. Qc5 Qxc5 21. dxc5 Rd7 22. Bxd5 Bxd5 23. Bxf6 gxf6 24. Nh4 Re7 25. Nf5 Re5 26. Nxh6+ Kg7 27. Ng4 Rg5 28. Rfd1 f5 29. Ne3 Rd8 30. Nxd5 Rxd5 31. Rxd5 cxd5 32. f4 Rg6 33. Rd1 Ra6 34. a3 Kf6 35. Rxd5 Re6 36. Kf2 b6 37. b4 a5 38. h4 axb4 39. axb4 bxc5 40. bxc5 Re8 41. c6 Ke7 42. Rxf5 Rc8 43. Re5+ Kf6 44. Rc5 Ke6 45. h5 Kd6 46. Rc1 Kc7 47. g4 Rh8 48. Kg3 f6 49. Re1 Kxc6 50. Re6+ Kd5 51. Rxf6 Re8 52. h6 Re3+ 53. Kh4 Re2 54. Kg5 Rh2 55. Kg6 Rg2 56. g5 Rc2 57. h7 Rc8 58. Kg7 Rc7+ 59. Rf7 Rc6 60. h8=Q Kd4 61. Kf8+ Rf6 62. Qxf6+ 1-0

[Event "CYCC U12"]
[Site "Vancouver CAN"]
[Date "2012.07.03"]
[Round "2"]
[White "Tolentino, Andre Angelo"]
[Black "Goldblatt, Taylor"]
[Result "1-0"]
[WhiteElo "889"]
[BlackElo "426"]
[PlyCount "85"]
[GameId "2160767909508691"]
[EventDate "2012.07.03"]
[EventType "swiss"]
[EventRounds "7"]
[EventCountry "CAN"]
[SourceTitle "EXT 2022"]
[Source "ChessBase"]
[SourceDate "2021.10.06"]
[SourceVersion "1"]
[SourceVersionDate "2021.10.06"]
[SourceQuality "1"]

1. e4 e5 2. d4 Nc6 3. d5 Nd4 4. c3 Bc5 5. cxd4 Bxd4 6. Nf3 Nf6 7. Nxd4 exd4 8. Qxd4 O-O 9. Bg5 h6 10. Bxf6 Qxf6 11. Qxf6 gxf6 12. Nc3 d6 13. Be2 Bd7 14. O-O Kh8 15. f4 Rg8 16. f5 Rg7 17. Rac1 Rag8 18. Bf3 a6 19. Ne2 Bb5 20. Rf2 Rg5 21. Rxc7 Bxe2 22. Rxe2 b5 23. Rxf7 Rc8 24. Re1 Rc2 25. Rxf6 Rxb2 26. Rxh6+ Kg7 27. Rxd6 Rxa2 28. Rg6+ Rxg6 29. fxg6 Kxg6 30. d6 Rd2 31. e5 Kf7 32. Bh5+ Ke6 33. Bg4+ Kf7 34. e6+ Ke8 35. Bh5+ Kd8 36. e7+ Kc8 37. e8=Q+ Kb7 38. Bf3+ Kb6 39. Qd8+ Kc5 40. Qc7+ Kb4 41. Rb1+ Ka4 42. Qc3 b4 43. Qxb4# 1-0

[Event "CYCC U12"]
[Site "Vancouver CAN"]
[Date "2012.07.03"]
[Round "2"]
[White "Wu, Brenden"]
[Black "Lee, Nicholas"]
[Result "0-1"]
[WhiteElo "860"]
[BlackElo "1750"]
[PlyCount "26"]
[GameId "2160767909508692"]
[EventDate "2012.07.03"]
[EventType "swiss"]
[EventRounds "7"]
[EventCountry "CAN"]
[SourceTitle "hb 2012"]

1. d4 Nf6 2. Bf4 g6 3. Nf3 Bg7 4. c3 d6 5. Nbd2 Bf5 6. e3 c5 7. Be2 cxd4 8. cxd4 Nc6 9. a3 Qb6 10. b4 Rc8 11. Rc1 a5 12. e4 Nxe4 13. d5 Qxf2# 0-1

[Event "CYCC U12"]
[Site "Vancouver CAN"]
[Date "2012.07.03"]
[Round "2"]
[White "Xu, Jeffrey"]
[Black "Hou, Frank Gui"]
[Result "1-0"]
[WhiteElo "1832"]
[BlackElo "1200"]
[PlyCount "99"]
[GameId "2160767909508693"]
[EventDate "2012.07.03"]
[EventType "swiss"]
[EventRounds "7"]
[EventCountry "CAN"]
[SourceTitle "EXT 2022"]
[Source "ChessBase"]
[SourceDate "2021.10.06"]
[SourceVersion "1"]
[SourceVersionDate "2021.10.06"]
[SourceQuality "1"]

1. e4 e5 2. Nf3 Nc6 3. d3 Nf6 4. Nbd2 Bc5 5. h3 O-O 6. g3 d6 7. Bg2 Be6 8. O-O Qd7 9. Kh2 d5 10. Ng5 h6 11. Nxe6 Qxe6 12. exd5 Nxd5 13. Ne4 Be7 14. Bd2 f5 15. Nc3 Nf6 16. f4 Bd6 17. Re1 Qf7 18. Bxc6 exf4 19. Bg2 fxg3+ 20. Kh1 c6 21. Qf3 Qg6 22. Re6 Rad8 23. Rae1 Bc5 24. Be3 Bxe3 25. R1xe3 Rfe8 26. Ne2 Rxe6 27. Rxe6 Re8 28. Rxe8+ Qxe8 29. Nxg3 Qe1+ 30. Kh2 Qc1 31. Qxf5 Qxc2 32. Qc8+ Kh7 33. Qxb7 Qxd3 34. Qxc6 Qd2 35. Qc3 Qf4 36. Qd3+ Kh8 37. Qd8+ Kh7 38. Qc8 h5 39. Qf5+ Qxf5 40. Nxf5 g5 41. Kg3 Kg6 42. Ne7+ Kf7 43. Nc6 a6 44. Kf3 Ke6 45. Ke3 Nd5+ 46. Bxd5+ Kxd5 47. Nb4+ Ke5 48. Nxa6 Kf6 49. Nc5 Ke5 50. Ne4 1-0

[Event "CYCC U12"]
[Site "Vancouver CAN"]
[Date "2012.07.03"]
[Round "2"]
[White "Yu, Robin"]
[Black "Song, Ziyuan"]
[Result "0-1"]
[WhiteElo "1293"]
[BlackElo "2042"]
[PlyCount "46"]
[GameId "2160767909508695"]
[EventDate "2012.07.03"]
[EventType "swiss"]
[EventRounds "7"]
[EventCountry "CAN"]
[SourceTitle "EXT 2022"]
[Source "ChessBase"]
[SourceDate "2021.10.06"]
[SourceVersion "1"]
[SourceVersionDate "2021.10.06"]
[SourceQuality "1"]

1. d4 d5 2. c4 e6 3. Nc3 Nf6 4. Nf3 c6 5. e3 Be7 6. Bd3 Nbd7 7. O-O dxc4 8. Bxc4 b5 9. Bd3 a6 10. e4 Bb7 11. a4 b4 12. Ne2 c5 13. Ng3 cxd4 14. e5 Bxf3 15. gxf3 Nxe5 16. Bb1 O-O 17. Kh1 Ng6 18. Rg1 Qd5 19. Ne4 Rad8 20. Qd3 Nxe4 21. fxe4 Qe5 22. f4 Nxf4 23. Qg3 Ng6 0-1

[Event "CYCC U12"]
[Site "Vancouver CAN"]
[Date "2012.07.03"]
[Round "2"]
[White "Zheng, Maven"]
[Black "Xu, Jingzhi (Edwin)"]
[Result "0-1"]
[WhiteElo "954"]
[BlackElo "1317"]
[PlyCount "50"]
[GameId "2160767909508696"]
[EventDate "2012.07.03"]
[EventType "swiss"]
[EventRounds "7"]
[EventCountry "CAN"]
[SourceTitle "hb 2012"]

1. e4 e5 2. Nf3 Nc6 3. Bc4 Bc5 4. Nc3 Nf6 5. d3 h6 6. Be3 Bb6 7. Bb5 d6 8. d4 exd4 9. Bxd4 Bd7 10. Bxc6 Bxc6 11. Bxf6 Qxf6 12. O-O O-O 13. Qe2 Rfe8 14. Rae1 Ba5 15. Qc4 Bxc3 16. bxc3 a6 17. a4 Re7 18. Re3 Rae8 19. Rfe1 Qf4 20. Nd2 Re5 21. Rf3 Qxd2 22. Qxf7+ Kh8 23. Rfe3 Rxe4 24. Rxe4 Qxe1+ 25. Rxe1 Rxe1# 0-1

[Event "CYCC U12"]
[Site "Vancouver CAN"]
[Date "2012.07.03"]
[Round "2"]
[White "Zhou, You"]
[Black "Lachance, Tristan"]
[Result "1/2-1/2"]
[WhiteElo "935"]
[BlackElo "1136"]
[PlyCount "97"]
[GameId "2160767909508697"]
[EventDate "2012.07.03"]
[EventType "swiss"]
[EventRounds "7"]
[EventCountry "CAN"]
[SourceTitle "hb 2012"]

1. e4 c5 2. Nf3 d6 3. d4 cxd4 4. Nxd4 Nf6 5. Nc3 e5 6. Nb3 Nc6 7. Bg5 h6 8. Bxf6 Qxf6 9. Bc4 Qg6 10. g3 f5 11. f3 fxe4 12. fxe4 Bg4 13. Be2 Bxe2 14. Qxe2 O-O-O 15. O-O-O Be7 16. Kb1 Rhf8 17. Qb5 a6 18. Qb6 Kb8 19. Rhf1 Rxf1 20. Rxf1 Rf8 21. Rxf8+ Bxf8 22. Na5 Nxa5 23. Qd8+ Ka7 24. Nb5+ axb5 25. Qxa5+ Kb8 26. Qd8+ Ka7 27. Qxf8 Qxe4 28. Qf2+ Qd4 29. Qe1 Ka6 30. a3 e4 31. Kc1 e3 32. Qd1 Qxd1+ 33. Kxd1 d5 34. Ke2 d4 35. c3 dxc3 36. bxc3 Ka5 37. Kxe3 Ka4 38. Kd4 Kxa3 39. Kc5 Kb3 40. Kxb5 Kxc3 41. Kb6 Kd3 42. Kxb7 Ke3 43. Kc7 Kf3 44. Kd7 Kg2 45. Ke7 Kxh2 46. Kf7 h5 47. Kg6 Kxg3 48. Kxh5 g5 49. Kxg5 1/2-1/2

[Event "CYCC U12"]
[Site "Vancouver CAN"]
[Date "2012.07.04"]
[Round "3"]
[White "Chen, Daniel1"]
[Black "Yu, Robin"]
[Result "1-0"]
[WhiteElo "1055"]
[BlackElo "1293"]
[PlyCount "57"]
[GameId "2160767909508698"]
[EventDate "2012.07.03"]
[EventType "swiss"]
[EventRounds "7"]
[EventCountry "CAN"]
[SourceTitle "EXT 2022"]
[Source "ChessBase"]
[SourceDate "2021.10.06"]
[SourceVersion "1"]
[SourceVersionDate "2021.10.06"]
[SourceQuality "1"]

1. e4 c5 2. Nf3 Nc6 3. d4 cxd4 4. Nxd4 d6 5. c4 Nf6 6. Nc3 a6 7. Be2 g6 8. Be3 Bg7 9. O-O O-O 10. f3 Bd7 11. Rc1 Rc8 12. Qd2 Ne8 13. Rfd1 Nc7 14. Nb3 Be6 15. Nd5 f5 16. Bb6 Qd7 17. Nxc7 Rxc7 18. Bxc7 Qxc7 19. c5 Rd8 20. Qf4 Be5 21. Qe3 Bxb2 22. Rc2 Be5 23. f4 Bg7 24. cxd6 exd6 25. Bc4 Bxc4 26. Rxc4 Qf7 27. Rcc1 Nb4 28. Qb6 Nc6 29. Rxc6 1-0

[Event "CYCC U12"]
[Site "Vancouver CAN"]
[Date "2012.07.04"]
[Round "3"]
[White "Chen, Harrison"]
[Black "Rapin, Calvin"]
[Result "1-0"]
[WhiteElo "988"]
[BlackElo "847"]
[PlyCount "93"]
[GameId "2160767909508699"]
[EventDate "2012.07.03"]
[EventType "swiss"]
[EventRounds "7"]
[EventCountry "CAN"]
[SourceTitle "EXT 2022"]
[Source "ChessBase"]
[SourceDate "2021.10.06"]
[SourceVersion "1"]
[SourceVersionDate "2021.10.06"]
[SourceQuality "1"]

1. e4 d5 2. Nc3 c6 3. Nf3 e6 4. d3 Bb4 5. Bd2 Bxc3 6. Bxc3 dxe4 7. Bxg7 exf3 8. Qxf3 Qa5+ 9. c3 Qg5 10. Bxh8 f6 11. Be2 e5 12. O-O Nh6 13. Qh5+ Qxh5 14. Bxh5+ Kf8 15. Bxf6 Nd7 16. Bg5 Ng8 17. f4 e4 18. dxe4 b6 19. e5 Ba6 20. Rfd1 h6 21. Bh4 Bc8 22. e6 Nc5 23. Rd8+ Kg7 24. e7 Nxe7 25. Bxe7 Ne4 26. Bh4 Rb8 27. Re8 Nd2 28. Re7+ Kf8 29. Rf7+ Kg8 30. Rd1 Be6 31. Rxa7 Rf8 32. Rxd2 c5 33. Be7 Rxf4 34. Rd8+ Kg7 35. Bg5+ Rf7 36. Bxf7 Bxf7 37. Bxh6+ Kxh6 38. Rxf7 c4 39. Rf6+ Kg5 40. Rxb6 Kf4 41. Re6 Kf5 42. Re3 Kf6 43. Rf8+ Kg7 44. Rf4 Kg6 45. Rg3+ Kh5 46. Rf8 Kh4 47. Rh8# 1-0

[Event "CYCC U12"]
[Site "Vancouver CAN"]
[Date "2012.07.04"]
[Round "3"]
[White "Chen, Richard"]
[Black "Brewster, Paula"]
[Result "1-0"]
[WhiteElo "1880"]
[BlackElo "1341"]
[PlyCount "57"]
[GameId "2160767909508700"]
[EventDate "2012.07.03"]
[EventType "swiss"]
[EventRounds "7"]
[EventCountry "CAN"]
[SourceTitle "EXT 2022"]
[Source "ChessBase"]
[SourceDate "2021.10.06"]
[SourceVersion "1"]
[SourceVersionDate "2021.10.06"]
[SourceQuality "1"]

1. e4 c5 2. Nf3 e6 3. d3 d6 4. g3 b6 5. Bg2 Bb7 6. O-O Nf6 7. Re1 Nbd7 8. Nbd2 Qc7 9. a4 Be7 10. Nf1 O-O 11. h4 Rac8 12. Ne3 d5 13. e5 Nxe5 14. Nxe5 Qxe5 15. Nxd5 Qd6 16. Nxf6+ Bxf6 17. Bxb7 Rc7 18. Bg2 Rfc8 19. Qe2 Qd8 20. Bf4 Rd7 21. Be5 Be7 22. Qg4 Bf8 23. a5 bxa5 24. Bc3 Qb6 25. b3 Qd6 26. Rxa5 f5 27. Qc4 Re8 28. Ra6 Qe7 29. Raxe6 1-0

[Event "CYCC U12"]
[Site "Vancouver CAN"]
[Date "2012.07.04"]
[Round "3"]
[White "Ge, Alex"]
[Black "D'Amore, Tyler"]
[Result "1-0"]
[WhiteElo "921"]
[BlackElo "822"]
[PlyCount "101"]
[GameId "2160767909508701"]
[EventDate "2012.07.03"]
[EventType "swiss"]
[EventRounds "7"]
[EventCountry "CAN"]
[SourceTitle "EXT 2022"]
[Source "ChessBase"]
[SourceDate "2021.10.06"]
[SourceVersion "1"]
[SourceVersionDate "2021.10.06"]
[SourceQuality "1"]

1. e4 e6 2. d4 Qh4 3. Nc3 c5 4. Nf3 Qf6 5. e5 Qe7 6. dxc5 Qxc5 7. Be3 Qb4 8. Rb1 Bc5 9. a3 Qb6 10. Na4 Qa5+ 11. c3 Bxe3 12. b4 Qc7 13. fxe3 f6 14. exf6 Nxf6 15. Bd3 Na6 16. O-O Ng4 17. Qe2 Rf8 18. h3 Rxf3 19. hxg4 Rxf1+ 20. Rxf1 d6 21. g5 Bd7 22. Qh5+ g6 23. Bxg6+ hxg6 24. Qh8+ Ke7 25. Qg7+ Kd8 26. Rf8+ Be8 27. Qxg6 Qe7 28. Rh8 Kd7 29. Qh7 Bg6 30. Qxe7+ Kxe7 31. Rxa8 Be8 32. Kf2 Bxa4 33. g6 Be8 34. g7 Bf7 35. g8=Q Bxg8 36. Rxg8 Nc7 37. Kf3 Kf7 38. Rb8 b6 39. Rb7 Kf6 40. Rxc7 e5 41. Kg4 a5 42. Kh5 d5 43. g4 e4 44. Kh6 d4 45. cxd4 Ke6 46. g5 axb4 47. axb4 b5 48. g6 Kf6 49. g7 Kf5 50. g8=Q Kf6 51. Qf7# 1-0